| 000 | 00521nam a2200193 a 4500 | ||
|---|---|---|---|
| 005 | 20140310183613.0 | ||
| 008 | 120829s19uu xx 00 eng d | ||
| 020 | _a9781599183626 | ||
| 050 |
_aHF 5415 _b.B4848 2009 |
||
| 100 | _aBly, Robert W. | ||
| 245 |
_aMarketing plan handbook / _cRobert W. Bly. |
||
| 260 |
_aCanada : _bEntrepreneur Press, _c2009. |
||
| 300 |
_a334 p. : _bill. ; _c23 cm. |
||
| 521 | _aBSBA | ||
| 650 | _aMarketing | ||
| 650 | _aBusiness planning | ||
| 942 |
_cBK _2lcc _kFOR |
||
| 999 |
_c25272 _d25272 |
||